Et si Squeezie était polyglotte ? # 2 - Statistiques

Statistiques générales
  • Ce quiz a été pris 29 fois
  • Le résultat moyen est 6 sur 20
Statistiques - réponses
Phrase Langue % Correct
당신에게 좋은가요? Coréen
90%
Чи добре це для вас? Ukrainien
79%
क्या यह आपके लिये अच्छा है? Hindi
52%
Este bine pentru tine? Roumain
34%
A është mirë për ju? Albanais
31%
Er það gott fyrir þig? Islandais
31%
کیا یہ آپ کے لیے اچھا ہے؟ Ourdou
28%
איז עס גוט פֿאַר איר? Yiddish
28%
Er det bra for deg? Norvégien
24%
Kas see on teile hea? Estonien
21%
Is dit goed vir jou? Afrikaans
17%
Da li je to dobro za tebe? Bosniaque
17%
¿Allinchu qampaq? Quechua
17%
किं भवतः कृते हितकरम् अस्ति ? Sanscrit
17%
Ingabe kukuhle kuwe? Zoulou
17%
A yw'n dda i chi? Gallois
14%
jó neked? Hongrois
14%
यो तपाईंको लागि राम्रो छ? Népalais
14%
Ĉu ĝi estas bona por vi? Espéranto
10%
Bu siziň üçin gowumy? Turkmène
10%
Aucun quiz correspondant
Distribution des résultats
% des personnes avec chaque résultat
Percentile par nombre de réponses
Votre historique - résultats
Vous n’avez pas pris ce quiz